Geography Quiz

Random Geography or State Quiz

States by License Plate - Part 1 Quiz Stats

 Plays Quiz not verified by Sporcle

Score 0/10 Timer 02:00
0 Plays Today
Plate State % Correct
8New Mexico
85.3%
1Pennsylvania
80.4%
9Wisconsin
77.6%
4Washington
74.7%
3Ohio
70.2%
7Rhode Island
70.2%
2Arkansas
52.6%
5West Virginia
52.2%
10North Dakota
46.5%
6Utah
45.8%

You're not logged in!

Compare scores with friends on all Sporcle quizzes.
OR
Log In

Show Comments

Extras

Created Nov 7, 2010ReportNominate
Tags:State Quiz, license, plate

Top Quizzes Today


Score Distribution

Your Account Isn't Verified!

In order to create a playlist on Sporcle, you need to verify the email address you used during registration. Go to your Sporcle Settings to finish the process.

Report this User

Report this user for behavior that violates our Community Guidelines.

Details: